Bipolar disorders : microrna profiling and genetics comparison with Schizophrenia in a Malaysian population /
Saved in:
| Main Author: | |
|---|---|
| Format: | Thesis Book |
| Language: | English |
| Published: |
2016.
|
| Subjects: | |
| Online Access: | http://studentsrepo.um.edu.my/id/eprint/7351 |
| Tags: |
Add Tag
No Tags, Be the first to tag this record!
|
| LEADER | 01406cam a2200361 i 4500 | ||
|---|---|---|---|
| 001 | u1036593 | ||
| 003 | SIRSI | ||
| 005 | 201607151054 | ||
| 008 | 160715s2016 my a m 000 0 eng | ||
| 040 | |a UMP |e rda | ||
| 043 | |a a-my--- | ||
| 096 | |a QV4 |b UM 2016 Lim | ||
| 100 | 1 | |a Lim, Chor Hong, |e author. | |
| 245 | 1 | 0 | |a Bipolar disorders : |b microrna profiling and genetics comparison with Schizophrenia in a Malaysian population / |c Lim Chor Hong. |
| 264 | 1 | |c 2016. | |
| 264 | 4 | |c 2016. | |
| 300 | |a xvii, 146 leaves : |b colour illustrations ; |c 30cm. | ||
| 336 | |a text |2 rdacontent | ||
| 337 | |a unmediated |2 rdamedia | ||
| 338 | |a volume |2 rdacarrier | ||
| 502 | |b M.Med.Sc. |c Department of Pharmacology, Faculty of Medicine, University of Malaya |d 2016. | ||
| 504 | |a Bibliography: leaves 91-108. | ||
| 530 | |a Issued also in CD. | ||
| 650 | 1 | 2 | |a Bipolar Disorder |z Malaysia. |
| 650 | 2 | 2 | |a MicroRNAs |z Malaysia. |
| 650 | 2 | 2 | |a Schizophrenia |z Malaysia. |
| 650 | 2 | 2 | |a Schizophrenic Psychology |z Malaysia. |
| 710 | 2 | 0 | |a Universiti Malaya. |b Jabatan Farmakologi, |e degree granting institution. |
| 856 | 4 | 1 | |u http://studentsrepo.um.edu.my/id/eprint/7351 |
| 900 | |a RAH | ||
| 596 | |a 2 | ||
| 999 | |a QV4 UM 2016 LIM |w NLM |c 1 |i A516094698 |d 9/11/2016 |f 9/11/2016 |g 1 |l TESIS |m P02MEDKL |r Y |s Y |t TESIS |u 9/11/2016 | ||
| 999 | |a QV4 UM 2016 LIM |w NLM |c 2 |i A516436358 |d 9/11/2016 |f 9/11/2016 |g 1 |l TESIS |m P02MEDKL |r Y |s Y |t CD |u 9/11/2016 | ||
